Digital Signal Processing (Record no. 24040)

000 -LEADER
fixed length control field 00227nam a22000737a 4500
003 - CONTROL NUMBER IDENTIFIER
control field Nust
005 - DATE AND TIME OF LATEST TRANSACTION
control field 20170412131750.0
008 - FIXED-LENGTH DATA ELEMENTS--GENERAL INFORMATION
fixed length control field 140502b xxu||||| |||| 00| 0 eng d
020 ## - INTERNATIONAL STANDARD BOOK NUMBER
Terms of availability Available
International Standard Book Number 8120330307
040 ## - CATALOGING SOURCE
Original cataloging agency DLC
Language of cataloging DLC
Transcribing agency RCMS
082 ## - DEWEY DECIMAL CLASSIFICATION NUMBER
Edition number 4th,ed.
Classification number 621.38 PRO
100 ## - MAIN ENTRY--PERSONAL NAME
Personal name Prokis John G
245 ## - TITLE STATEMENT
Title Digital Signal Processing
Remainder of title Principales,Algorithms and Applications
260 ## - PUBLICATION, DISTRIBUTION, ETC.
Place of publication, distribution, etc. New Delhi India
Name of publisher, distributor, etc. Prentice Hall
Date of publication, distribution, etc. c2006
300 ## - PHYSICAL DESCRIPTION
Extent xix,1084,p:
Other physical details ill:
Dimensions 25,cm.
538 ## - SYSTEM DETAILS NOTE
Display text Shelf # 15, Row # 3, Communication.
650 ## - SUBJECT ADDED ENTRY--TOPICAL TERM
Topical term or geographic name entry element Electrical engineering / Computer engineering
856 ## - ELECTRONIC LOCATION AND ACCESS
Materials specified Table of Content Only
942 ## - ADDED ENTRY ELEMENTS (KOHA)
Source of classification or shelving scheme
Koha item type Book
Holdings
Withdrawn status Lost status Source of classification or shelving scheme Damaged status Not for loan Permanent Location Current Location Shelving location Date acquired Full call number Barcode Date last seen Price effective from Koha item type
          NUST Baluchistan Campus (NBC) NUST Baluchistan Campus (NBC) General Stacks 05/02/2014 621.38PRO RCMS000493 05/02/2014 05/02/2014 Book
          NUST Baluchistan Campus (NBC) NUST Baluchistan Campus (NBC) General Stacks 03/24/2017 621.38 PRO RCMS000477 03/24/2017 03/24/2017 Book
© 2023 Central Library, National University of Sciences and Technology. All Rights Reserved.